00580nam a2200169 a 450000100100000000500170001000800410002704000250006808200220009310000390011524501060015425000110026026000340027130000210030550000570032670000270038300002548920200930023827.0110217s1982 dr 000 0 spa d aDO-SdBNPbspacBNPHU axxxxbR977c, 19821 aRutinel Domínguez, José Ulises10aCategorías del materialismo histórico /cJosé Ulises Rutinel Domínguez, Edgar de Labastida R. a2a ed. aSanto Domingo :bUASD,c1982. a142 p. ;c21 cm. aIncluye datos biográficos del autor en las solapas1 aLabastida R., Edgar de